书目信息 |
| 题名: |
震撼
|
|
| 作者: | 刘川生 主编 | |
| 分册: | ||
| 出版信息: | 北京 北京师范大学出版社 2008 |
|
| 页数: | 322页 | |
| 开本: | 24cm | |
| 丛书名: | ||
| 单 册: | ||
| 中图分类: | I219 | |
| 科图分类: | ||
| 主题词: | 文艺--作品--中国--现代--选集 , 文艺 | |
| 电子资源: | ||
| ISBN: | 978-7-303-09673-2 | |
| 000 | 00835nam0 2200241 45 | |
| 001 | 1029815335 | |
| 005 | 20100428162156.28 | |
| 010 | @a978-7-303-09673-2@dCNY40.00 | |
| 100 | @a20100419d2008 em y0chiy50 ea | |
| 101 | 0 | @achi |
| 102 | @aCN@b110000 | |
| 105 | @aa z 000yy | |
| 106 | @ar | |
| 200 | 1 | @a震撼@AZhen Han@e北京师范大学抗震救灾文艺作品集@EBei Jing Shi Fan Da Xue Kang Zhen Jiu Zai Wen Yi Zuo Pin Ji@f刘川生主编@FLiu Chuan Sheng Zhu Bian |
| 210 | @a北京@c北京师范大学出版社@d2008 | |
| 215 | @a322页@c图@d24cm | |
| 517 | 1 | @a北京师范大学抗震救灾文艺作品集@ABei Jing Shi Fan Da Xue Kang Zhen Jiu Zai Wen Yi Zuo Pin Ji |
| 606 | 0 | @a文艺@x作品@y中国@z现代@j选集 |
| 606 | 0 | @a文艺 |
| 690 | @aI219@v4 | |
| 701 | 0 | @a刘川生@ALiu Chuan Sheng@4主编 |
| 801 | 0 | @aCN@bTANGWEI@c20100428 |
| 905 | @b0592600-604@dI219@e13@f5 | |
| 震撼:北京师范大学抗震救灾文艺作品集/刘川生主编.-北京:北京师范大学出版社,2008 |
| 322页:图;24cm |
| ISBN 978-7-303-09673-2:CNY40.00 |
| ● |
| 相关链接 |
|
|
|
|
正题名:震撼
索取号:I219/13
 
预约/预借
| 序号 | 登录号 | 条形码 | 馆藏地/架位号 | 状态 | 备注 |
| 1 | 0592600 | 205926006 | 第一样本阅览室/ [索取号:I219/13] | 在馆 | |
| 2 | 0592601 | 205926015 | 第二借阅区/ [索取号:I219/13] | 在馆 | |
| 3 | 0592602 | 205926024 | 第二借阅区/ [索取号:I219/13] | 在馆 | |
| 4 | 0592603 | 205926033 | 第二借阅区/ [索取号:I219/13] | 在馆 | |
| 5 | 0592604 | 205926042 | 第二借阅区/ [索取号:I219/13] | 在馆 |